[Event "Rio de Janeiro CMIL op"]
[Site "Rio de Janeiro"]
[Date "2015.12.08"]
[Round "6"]
[White "Lima de Oliveira, Alexandre"]
[Black "Glicerio, Ronaldo"]
[Result "0-1"]
[WhiteElo "2018"]
[BlackElo "2230"]
[PlyCount "61"]
[EventDate "2015.11.19"]
[EventType "swiss"]
[EventRounds "6"]
[EventCountry "BRA"]
[SourceTitle "CBM 170 Extra"]
[Source "ChessBase"]
[SourceDate "2016.02.25"]
[SourceVersion "1"]
[SourceVersionDate "2016.02.25"]
[SourceQuality "1"]

1. d4 Nf6 2. g3 e6 3. Bg2 c5 4. Nf3 Be7 5. 0-0 0-0 6. c4 d6 7. Nc3 Nc6 8. e4 a6 9. b3 cxd4 10. Nxd4 Bd7 11. Be3 Qc7 12. Qe2 Ne5 13. h3 Rac8 14. f4 Nc6 15. Rac1 Nxd4 16. Bxd4 Bc6 17. e5 Nd7 18. exd6 Bxd6 19. Ne4 Bxe4 20. Qxe4 Bc5 21. Rcd1 b6 22. Rd2 Nf6 23. Qf3 Rcd8 24. Rfd1 e5 25. fxe5 Qxe5 26. Qc3 Rxd4 27. Rxd4 Rd8 28. Bd5 Nxd5 29. cxd5 Qxd5 30. Kh2 Bxd4 31. Qd3 0-1